000 01572cam a2200409 a 4500
001 13461122
003 OSt
005 20140310184348.0
008 040116s2003 nyua j 000 1beng d
010 _a 2004266568
020 _a0439513626
035 _a(OCoLC)ocm52113037
040 _aUWB
_cUWB
_dDLC
042 _alccopycat
043 _an-us-la
050 _aF 379.N59
_b.C693 2004
100 1 _aRobert, Coles
_924939
245 1 0 _aThe story of the ruby bridges /
_cRobert Coles ; illistrated by George Ford.
246 3 _aRuby Bridges
260 _aNew York :
_bScholastic,
_c2004
300 _bcol. ill. ;
_c27 cm.
500 _a"Cartwheel books"--Cover.
520 _aRuby Bridges was born during the time of segregation in the South. In 1960, she made history when she attended an all-white school. Follow her story and learn why we still celebrate her courage today.
521 _aG5
526 _c730
541 _j
600 1 0 _aBridges, Ruby
_vJuvenile literature.
_924940
650 0 _aSchool integration
_zNew Orleans
_vJuvenile literature.
_924941
650 0 _aAfrican Americans
_zLouisiana
_zNew Orleans
_vBiography
_vJuvenile literature.
_924942
651 0 _aNew Orleans (La.)
_xRace relations
_vJuvenile literature.
_924943
700 1 _aMaccarone, Grace.
_95551
700 1 _aVan Wright, Cornelius.
_924944
700 1 _aHu, Ying-Hwa.
_93768
906 _a7
_bcbc
_ccopycat
_d2
_encip
_f20
_gy-gencatlg
942 _2lcc
_cBK-SCHOLAS
999 _c33900
_d33900